Prime Ministers of Portugal (Third Republic) - Statistics

General Stats
  • This quiz has been taken 166 times
  • The average score is 10 of 18
Answer Stats
Term Prime Minister % Correct
2015-Present António Costa
97%
1976-1978 Mário Soares
83%
1983-1985 Mário Soares
83%
2005-2011 José Sócrates
81%
2011-2015 Pedro Passos Coelho
81%
1985-1995 Aníbal Cavaco Silva
79%
1995-2002 António Guterres
75%
1978 Alfredo Nobre da Costa
69%
2002-2004 José Manuel Barroso
65%
2004-2005 Pedro Santana Lopes
61%
1980 Francisco Sá Carneiro
60%
1981-1983 Francisco Pinto Balsemão
32%
1974-1975 Vasco Gonçalves
30%
1979-1980 Maria de Lourdes Pintasilgo
25%
1978-1979 Carlos Mota Pinto
16%
1975-1976 José Pinheiro de Azevedo
12%
1974 Adelino da Palma Carlos
7%
1976 Vasco de Almeida e Costa
4%
No matching quizzes found
Score Distribution
Percent of People with Each Score
Percentile by Number Answered
Your Score History
You have not taken this quiz